Hands-On Guide to Streaming Media, 2nd Edition /

This book describes the steps for creating an on-demand and live streaming video in an all-in-one refernce guide for new users and companies that need introduced to the technology. After reading this book, you will understand: - How the Internet works in relation to streaming media - Client/server t...

Full description

Bibliographic Details
Main Author: Follansbee, Joe (Author)
Corporate Author: Safari, an O'Reilly Media Company
Format: eBook
Language:English
Published: Routledge, 2006.
Edition:2nd edition.
Subjects:
Online Access:Connect to this electronic resource

MARC

Tag First Indicator Second Indicator Subfields
LEADER 00000uam a2200000 a 4500
001 in00004136607
005 20260128153546.2
006 m o d
007 cr cn
008 210813s2006 xx o eng
020 |z 9781136033698 
020 |z 9780240808635 
020 |z 9780080522067 
020 |z 0240808630 
020 |z 0080522068 
020 |z 1138152048 
020 |z 9781138152045 
035 |a (CaSebORM)9780240808635 
040 |d UtOrBLW 
041 0 |a eng 
100 1 |a Follansbee, Joe,  |e author.  |0 http://id.loc.gov/authorities/names/n2004006606 
245 1 0 |a Hands-On Guide to Streaming Media, 2nd Edition /  |c Follansbee, Joe. 
250 |a 2nd edition. 
264 1 |b Routledge,  |c 2006. 
300 |a 1 online resource (336 pages) 
336 |a text  |b txt  |2 rdacontent 
337 |a computer  |b c  |2 rdamedia 
338 |a online resource  |b cr  |2 rdacarrier 
347 |a text file 
520 |a This book describes the steps for creating an on-demand and live streaming video in an all-in-one refernce guide for new users and companies that need introduced to the technology. After reading this book, you will understand: - How the Internet works in relation to streaming media - Client/server technology, specifically related to streaming media - Strengths and limits of streaming media, including best uses for the technology - Choices of streaming media content creation tools 
533 |a Electronic reproduction.  |b Boston, MA :  |c Safari,  |n Available via World Wide Web.  |d 2006. 
538 |a Mode of access: World Wide Web. 
542 |f Copyright © Routledge 2006  |g 2006 
588 |a Online resource; Title from title page (viewed May 24, 2006) 
500 |a Electronic resource. 
655 7 |a Electronic books.  |2 local 
710 2 |a Safari, an O'Reilly Media Company. 
856 4 0 |u https://proxy.library.tamu.edu/login?url=https://go.oreilly.com/TAMU/library/view/-/9780240808635/?ar  |z Connect to this electronic resource  |t 0 
999 f f |s 9faddb71-97b4-33cc-9747-59df2f71336e  |i 91110df2-71b1-3a24-9b7e-e7b8027649cb  |t 0 
952 f f |a Texas A&M University  |b College Station  |c Electronic Resources  |s www_evans  |d Available Online  |t 0  |h No information provided 
998 f f |t 0  |l Available Online